Función musical y música contemporánea (Record no. 60772)

MARC details
000 -LEADER
campo de control de longitud fija 01006nam a2200229 i 4500
001 - NÚMERO DE CONTROL
campo de control 60772
003 - IDENTIFICADOR DE NÚMERO DE CONTROL
campo de control ES-MaACL
005 - FECHA Y HORA DE LA ÚLTIMA TRANSACCIÓN
campo de control 20231227180759.0
007 - CAMPO FIJO DE DESCRIPCIÓN FÍSICA--INFORMACIÓN GENERAL
campo de control de longitud fija t|
008 - DATOS DE LONGITUD FIJA--INFORMACIÓN GENERAL
campo de control de longitud fija 031106s1954 sp ||||1| spa d
100 1# - ENTRADA PRINCIPAL--NOMBRE DE PERSONA
Nombre de persona Esplá, Óscar,
Fechas asociadas al nombre 1886-1976
9 (RLIN) 138265
245 10 - MENCIÓN DEL TÍTULO
Título Función musical y música contemporánea
Resto del título : discurso del académico... don Oscar Esplá y Triay, leído en el acto de su recepción pública el día 4 de mayo de 1955 y contestación de... Don José Eugenio de Baviera y Borbón.
260 ## - PUBLICACIÓN, DISTRIBUCIÓN, ETC.
Lugar de publicación, distribución, etc. Madrid :
Nombre del editor, distribuidor, etc. Instituto de España, Real Academia de Bellas Artes de San Fernando,
Fecha de publicación, distribución, etc. 1954 (
Fabricante Imp. Rama)
300 ## - DESCRIPCIÓN FÍSICA
Extensión 49 p. ;
Dimensiones 24 cm.
500 ## - NOTA GENERAL
Nota general Nota musical.
650 04 - PUNTO DE ACCESO ADICIONAL DE MATERIA--TÉRMINO DE MATERIA
Término de materia o nombre geográfico como elemento de entrada Música-
Subdivisión general Filosofía.
9 (RLIN) 15389
700 1# - ENTRADA AGREGADA--NOMBRE PERSONAL
Nombre de persona Baviera y Borbón, José Eugenio de,
Títulos y otros términos asociados al nombre Infante de España,
Fechas asociadas al nombre 1909-1966
9 (RLIN) 26635
710 2# - ENTRADA AGREGADA--NOMBRE DE ENTIDAD CORPORATIVA
Nombre de entidad corporativa o nombre de jurisdicción como elemento de entrada Instituto de España.
9 (RLIN) 4873
710 2# - ENTRADA AGREGADA--NOMBRE DE ENTIDAD CORPORATIVA
Nombre de entidad corporativa o nombre de jurisdicción como elemento de entrada Real Academia de Bellas Artes de San Fernando.
9 (RLIN) 6291
852 ## - LOCALIZACIÓN
Ubicación ES-MaACL
Número de control de estantería F-M-III-N
Sublocalización o colección R.37366
Holdings
Estatus retirado Estado de pérdida Estado de daño No para préstamo Biblioteca de origen Biblioteca actual Ubicación en estantería Fecha de adquisición Fuente de adquisición Total de préstamos Signatura topográfica completa Código de barras Visto por última vez Precio de reemplazo Tipo de ítem Koha
        Biblioteca del Ateneo de Madrid Biblioteca del Ateneo de Madrid Administración 17/01/2008     F-M-III-N 1063733 23/02/2023 23/02/2023 Libro impreso